Normal view
MARC view
- Advisor DR NAWAR KHAN
Entry Personal Name
001 - CONTROL NUMBER
- control field: 69390
003 - CONTROL NUMBER IDENTIFIER
- control field: NUST
005 - DATE AND TIME OF LATEST TRANSACTION
- control field: 20210628204225.0
008 - FIXED-LENGTH DATA ELEMENTS
- fixed length control field: 210628|| aca||aabn | a|a d
040 ## - CATALOGING SOURCE
- Original cataloging agency: NUST
- Transcribing agency: NUST
100 ## - HEADING--PERSONAL NAME
- Personal name: Advisor DR NAWAR KHAN
670 ## - SOURCE DATA FOUND
- Source citation: Work cat.: (NUST): ALI MURTAZA MATTO 69388, TH-SOF-1583-ANALYSIS OF AN EXISTING FACILITY LOCATION AND ITS OPTIMIZATION THROUGH SIMULATION, 2018
